Regionálne aspekty pôsobenia priamych zahraničných investícií

Rozhodovacie hľadiská pre priame zahraničné investície (PZI) na základe skúseností trhových ekonomík. Voľba určitého regiónu pre PZI. Predpoklady teórie regionálnej deľby PZI (miestne výhody). Ratingy určujúcich faktorov pre PZI do krajín bývalého východného bloku. Vstup PZI do SR.

Salvato in:
Dettagli Bibliografici
Autore principale: Hošková, Adela
Natura: Capitolo di libro
Lingua:slovacco
Soggetti:
Tags: Aggiungi Tag
Nessun Tag, puoi essere il primo ad aggiungerne!!

MARC

LEADER 00000naa a2200000 4500
001 r026124
005 20221130073303.1
041 0 |a slo 
044 |a SK 
245 1 0 |a Regionálne aspekty pôsobenia priamych zahraničných investícií  |c Adela Hošková 
520 |a Rozhodovacie hľadiská pre priame zahraničné investície (PZI) na základe skúseností trhových ekonomík. Voľba určitého regiónu pre PZI. Predpoklady teórie regionálnej deľby PZI (miestne výhody). Ratingy určujúcich faktorov pre PZI do krajín bývalého východného bloku. Vstup PZI do SR. 
610 2 0 |a investície priame zahraničné 
610 2 0 |a regióny 
610 2 0 |a východná Európa 
610 2 0 |a rating 
610 2 0 |a Slovensko 
100 1 |a Hošková, Adela